Sinbad and the eye of the tiger /

Saved in:
Bibliographic Details
Main Author: Hall, John Ryder
Other Authors: Cross, Beverley, 1931-, Harryhausen, Ray
Format: Book
Language:English
Published: London : W. H. Allen, 1977.
Series:A Target book
LEADER 00935nam a2200241 a 4500
001 c000270602
003 CARM
005 20070904110301.0
008 070904s1977 enk 000 1 eng d
019 1 |a 47320304  |5 LACONCORD2021 
020 |a 042611826X (pbk.) 
035 |a (OCoLC)315810854  |5 LACONCORD2021 
040 |a VCAV  |b eng  |c VCAV 
100 1 |a Hall, John Ryder 
245 1 0 |a Sinbad and the eye of the tiger /  |c novelization by John Ryder Hall ; from the screenplay by Beverley Cross ; story by Ray Harryhausen and Beverley Cross. 
260 |a London :  |b W. H. Allen,  |c 1977. 
300 |a 240 p. 
490 0 |a A Target book 
700 1 |a Cross, Beverley,  |d 1931- 
700 1 |a Harryhausen, Ray. 
852 8 |b CARM  |h A1:AM18A0  |i A04768  |p 0388609  |f BK 
999 f f |i 534922e4-ccf1-552e-8ef3-50144acffef8  |s 5f54ec9e-ad48-5e41-a4e4-f2ef08efdb95 
952 f f |p Can circulate  |a CAVAL  |b CAVAL  |c CAVAL  |d CARM 1 Store  |e A04768  |f A1:AM18A0  |h Other scheme  |i book  |m 0388609